000 00631nam a2200193 i 4500
001 64879
003 ES-MaACL
005 20230906165235.0
007 t|
008 040107s1973 sp ||||1| spa d
100 1 _aFortea, José Luis.
_951845
245 1 3 _aLa obra de Andrés Carranque de Rios /
_cJosé Luis Fortea.
260 _aMadrid :
_bGredos,
_c[1973]
300 _a240 p. ;
_c21 cm.
490 1 _aBiblioteca románica hispánica. II. Estudios y ensayos ;
_v195
830 0 _aBiblioteca románica hispánica. II. Estudios y ensayos ;
_v195
_9178108
852 _aES-MaACL
_jC-56022
_bR.88518
999 _c64879
_d64879